00522nam a2200181Ia 4500008004100000082001600041100002200057245002100079250000800100260002900108300001100137500002400148650001400172700002400186942000700210952010600217999001700323230524s9999 xx 000 0 und d a658.43bKAK aS.L.Kakani931120 0aMaterial Science aIST aNEW DELHIbNew Agec2005 aXV;634 aQuantity Number: 1 aChemistry a Amit Kakani931121 cBK 00104070aTATCLbTATCLcGENd2023-05-24l0o658.43 KAKp32582r2023-05-24w2023-05-24yBKzBSCC2202 c44274d44274